| 000 | 02037cam a22001815i 4500 | ||
|---|---|---|---|
| 020 | _a0670093882 | ||
| 020 | _a9780670093885 | ||
| 082 | 0 | 4 |
_a954.040 92 TEL/R _223/eng/20241031 |
| 100 | 1 | _aTeltumbde, Anand, | |
| 245 | 1 | 0 |
_aIconoclast : _ba reflective biography of Dr Babasaheb Ambedkar / _cby Anand Teltumbde. |
| 260 |
_a. - Haryana _b: Penguin Random House Pvt.Ltd. |
||
| 300 |
_axliv, 676 pages : _billustrations ; |
||
| 504 | _aIncludes bibliographical references and index. | ||
| 520 | _a"In Iconoclast, Dr Anand Teltumbde, a distinguished public intellectual and leading authority on the Dalit movement, presents a groundbreaking biography of Dr B.R. Ambedkar. Far from the embellished narratives often associated with his legacy, Teltumbde strips away the layers of myth and hyperbole to reveal the man behind the legend. With meticulous research and intellectual honesty, Teltumbde delves into the life of Ambedkar, situating him within the dynamic context of his time. He explores the complexities of Ambedkar's persona, offering a nuanced portrait that challenges conventional perceptions. Rich with poignant photographs, this biography paints a vivid picture of Ambedkar as a visionary and as a human, and above all as an iconoclast driven by a relentless pursuit of social justice and equality. From his tireless advocacy for the Dalit community to his visionary ideals of liberty, equality and fraternity, Ambedkar's legacy reverberates through the ages, inspiring generations to strive for a more just society. With incisive analysis and a deep understanding of Ambedkar's philosophy, Teltumbde extends the narrative beyond the confines of history, examining Ambedkar's enduring impact on contemporary India. Iconoclast is a masterful tribute to a towering figure in modern history, offering profound insights into the epic struggle for social emancipation and the quest for a truly inclusive society." -- | ||
| 650 | 0 |
_aStatesmen _zIndia _vBiography. |
|
| 650 | 6 |
_aHommes d'État _zInde _vBiographies. |
|
| 942 |
_2ddc _cBK |
||
| 999 |
_c749091 _d749091 |
||